Una confidencia de Maigret / (Registro nro. 6962)

Detalles MARC
000 -LEADER
fixed length control field 01224nam a22002777a 4500
003 - CONTROL NUMBER IDENTIFIER
control field OSt
005 - DATE AND TIME OF LATEST TRANSACTION
control field 20250502161149.0
008 - FIXED-LENGTH DATA ELEMENTS--GENERAL INFORMATION
fixed length control field 201023s1987 sp ||||gr|||| 00| 0 spa d
020 ## - INTERNATIONAL STANDARD BOOK NUMBER
International Standard Book Number 843950540X
040 ## - CATALOGING SOURCE
Original cataloging agency CO-JMCR
Transcribing agency CO-JMCR
041 1# - LANGUAGE CODE
Language code of text/sound track or separate title spa
Language code of original eng
082 04 - DEWEY DECIMAL CLASSIFICATION NUMBER
Classification number A-N
Item number SIMu
Edition number 23
100 1# - MAIN ENTRY--PERSONAL NAME
Personal name Simenon, Georges,
Relator term autor
9 (RLIN) 11895
245 10 - TITLE STATEMENT
Title Una confidencia de Maigret /
Statement of responsibility, etc. por Georges Simenon ; [traducción, Julio Gómez de la Serna]
260 ## - PUBLICATION, DISTRIBUTION, ETC.
Place of publication, distribution, etc. Barcelona :
Name of publisher, distributor, etc. Planeta,
Date of publication, distribution, etc. 1987.
300 ## - PHYSICAL DESCRIPTION
Extent 151 páginas ;
Dimensions 18 cm.
490 0# - SERIES STATEMENT
Series statement Las novelas de Maigret ;
Volume/sequential designation 11
500 ## - GENERAL NOTE
General note Título original: Une confidence de Maigret
505 0# - FORMATTED CONTENTS NOTE
Formatted contents note El pastel de arroz de la señora Pardon -- Los geranios de la calle Caulaincourt -- La portera que quiere ver su retrato en el periódico -- Continuación de la noche de Adrien Josset -- El silencio obstinado del doctor Liorant -- El viejo de las noches en blanco -- El señor Jules y la presidenta -- El gallo al vino de la señora Maigret
546 ## - LANGUAGE NOTE
Language note Traducido del inglés.
650 14 - SUBJECT ADDED ENTRY--TOPICAL TERM
Topical term or geographic name entry element Novela policiaca.
9 (RLIN) 214
650 24 - SUBJECT ADDED ENTRY--TOPICAL TERM
Topical term or geographic name entry element Novela.
General subdivision suspenso.
9 (RLIN) 11896
650 24 - SUBJECT ADDED ENTRY--TOPICAL TERM
Topical term or geographic name entry element Novela.
General subdivision Acción.
9 (RLIN) 11897
700 1# - ADDED ENTRY--PERSONAL NAME
Personal name Gómez de la Serna, Julio,
Relator term traductor
9 (RLIN) 11898
942 ## - ADDED ENTRY ELEMENTS (KOHA)
Source of classification or shelving scheme Dewey Decimal Classification
Koha item type Books
Existencias
Withdrawn status Lost status Source of classification or shelving scheme Damaged status Not for loan Home library Current library Shelving location Date acquired Source of acquisition Full call number Barcode Date last seen Copy number Price effective from Koha item type
    Dewey Decimal Classification     Biblioteca Pública José María del Castillo y Rada Biblioteca Pública José María del Castillo y Rada Fiction 10/02/2020 Donación A-N SIMu 201810023 10/23/2020 Ej.1 10/02/2020 Books